Mathematical methods

محفوظ في:
التفاصيل البيبلوغرافية
المؤلف الرئيسي: Iyengar, S.R.K.
التنسيق: كتاب
اللغة:Undetermined
منشور في: Oxford, UK. Alpha Science International Ltd. 2006
الموضوعات:
الوسوم: إضافة وسم
لا توجد وسوم, كن أول من يضع وسما على هذه التسجيلة!
Thư viện lưu trữ: Trung tâm Học liệu Trường Đại học Cần Thơ
LEADER 00698nam a2200205Ia 4500
001 CTU_128508
008 210402s9999 xx 000 0 und d
020 |c 783000 
082 |a 519.7 
082 |b I.96 
100 |a Iyengar, S.R.K. 
245 0 |a Mathematical methods 
245 0 |c S. R. K. Iyengarb and Rajendra K. Jain 
260 |a Oxford, UK. 
260 |b Alpha Science International Ltd. 
260 |c 2006 
650 |a Engineering mathematics.,Engineering mathematics,Toán học kỹ thuật,Toán học kỹ thuật 
650 |x Problems, exercises, etc,Vấn đề, bài tập, v... v... 
904 |i Minh 
980 |a Trung tâm Học liệu Trường Đại học Cần Thơ